[Event "2nd China-USA Summit"]
[Site "Shanghai CHN"]
[Date "2002.07.14"]
[Round "3"]
[White "Nakamura,H"]
[Black "Zhao Jun"]
[Result "1-0"]
[WhiteElo "2494"]
[BlackElo "2363"]

1.d4 d6 2.e4 Nf6 3.Nc3 g6 4.Bg5 Bg7 5.Qd2 h6 6.Be3 Ng4 7.Bf4 e5 8.dxe5 Nxe5
9.Be3 Nbc6 10.h3 g5 11.g3 Be6 12.Nd5 Ne7 13.f4 gxf4 14.gxf4 N5c6 15.O-O-O f5
16.Bc4 Bf7 17.exf5 Nxd5 18.Bxd5 Qd7 19.Ne2 Qxf5 20.Bxc6+ bxc6 21.Bd4 Bxd4
22.Nxd4 Qd5 23.Qc3 Qc4 24.Qxc4 Bxc4 25.Nxc6 Kf7 26.Nd4 Kf6 27.b3 Bf7 28.Rhg1 a6
29.Rde1 Rhg8 30.Kd2 c5 31.Ne2 Be6 32.c4 h5 33.Ng3 Bxh3 34.Nxh5+ Kf5 35.Ke3 Rae8+
36.Kf3 Rxe1 37.Rxg8 Rf1+ 38.Ke3 Re1+ 39.Kf3 Rf1+ 40.Ke3 Re1+ 41.Kd2 Ra1 42.a4 Ke4
43.Rg6 d5 44.cxd5 Kxd5 45.Rxa6 c4 46.Nf6+ Kc5 47.Ra5+ Kb6 48.b4 Be6 49.Nd5+ Kc6
50.Nc3  1-0

[Event "Imre Konig Mem"]
[Site "San Francisco USA"]
[Date "2002.09.04"]
[Round "1"]
[White "Nakamura,H"]
[Black "Wojtkiewicz,A"]
[Result "0-1"]
[WhiteElo "2494"]
[BlackElo "2555"]

1.e4 c5 2.Nc3 g6 3.Nge2 Bg7 4.d4 cxd4 5.Nxd4 Nc6 6.Be3 Nf6 7.Bc4 O-O 8.Bb3 a5
9.O-O Nxd4 10.Bxd4 d6 11.f4 Bd7 12.a4 Bc6 13.Kh1 Nd7 14.Bxg7 Kxg7 15.Qd4+ f6
16.Rae1 Qb6 17.Qd2 Nc5 18.Rf3 Nxb3 19.cxb3 Qb4 20.Qf2 Rf7 21.Rg3 Rg8 22.f5 Kh8
23.fxg6 Rxg6 24.Nd5 Bxd5 25.exd5 Rxg3 26.hxg3 Qxb3 27.Rxe7 Qxd5 28.Rxf7 Qxf7
29.Qf5 b6 30.Qc8+ Kg7 31.Qd8 Qh5+ 32.Kg1 Qc5+ 33.Kh2 h5 34.Qe7+ Kg6 35.Qe8+ Kg5
36.Qd7 Qe5 37.b3 d5 38.Qg7+ Kf5 39.Qh7+ Ke6 40.Qg8+ Kd7 41.Qf7+ Kc6 42.Qf8 d4
43.Qc8+ Kd6 44.Qa6 Kc7 45.Qc4+ Kd7 46.Kg1 Kd6 47.Kf1 Qf5+ 48.Ke1 Qe6+ 49.Kd2 Qxc4
50.bxc4 Ke6 51.Ke2 Kf5  0-1

[Event "Imre Konig Mem"]
[Site "San Francisco USA"]
[Date "2002.09.05"]
[Round "2"]
[White "Nakamura,H"]
[Black "Browne,W"]
[Result "1-0"]
[WhiteElo "2494"]
[BlackElo "2492"]

1.d4 Nf6 2.c4 e6 3.Nc3 Bb4 4.Qc2 O-O 5.a3 Bxc3+ 6.Qxc3 b6 7.Bg5 Bb7 8.e3 c5
9.dxc5 bxc5 10.f3 Nc6 11.Bd3 h6 12.Bh4 d5 13.Ne2 d4 14.exd4 cxd4 15.Qd2 e5
16.Ng3 Ne4 17.Bxd8 Nxd2 18.Kxd2 Raxd8 19.b4 g6 20.Rae1 Rfe8 21.Ne4 Re7 22.c5 Bc8
23.Nd6 Be6 24.Re2 Kg7 25.Rhe1 f6 26.Bb5 Rc7 27.f4 Bg4 28.Rf2  1-0

[Event "Imre Konig Mem"]
[Site "San Francisco USA"]
[Date "2002.09.07"]
[Round "3"]
[White "Atalik,S"]
[Black "Nakamura,H"]
[Result "1/2-1/2"]
[WhiteElo "2551"]
[BlackElo "2494"]

1.e4 c5 2.Nf3 d6 3.d4 cxd4 4.Nxd4 Nf6 5.Nc3 a6 6.f3 e5 7.Nb3 Be6 8.Be3 Be7
9.Qd2 O-O 10.O-O-O Qc7 11.g4 Rc8 12.g5 Nh5 13.Rg1 Nd7 14.Nd5 Bxd5 15.exd5 a5
16.a4 Nf4 17.Kb1 Nb6 18.Bxf4 exf4 19.Bb5 Nc4 20.Bxc4 Qxc4 21.Rde1 Bf8 22.Re4 Qc7
23.Rge1 Qd7 24.Qxf4 b5 25.Nd4 bxa4 26.Nc6 Re8 27.Qg4 Rxe4 28.Rxe4 Qb7 29.Rxa4 g6
30.Ka2 Bg7 31.c3 Qb6 32.Qd7 Bxc3 33.bxc3 Qf2+ 34.Kb3 Qxf3 35.Qg4 Qxd5+ 36.Qc4 Qd1+
37.Ka3 Qa1+ 38.Kb3 Qb1+ 39.Ka3 Qa1+ 40.Kb3 Qb1+  1/2-1/2

[Event "Imre Konig Mem"]
[Site "San Francisco USA"]
[Date "2002.09.12"]
[Round "7"]
[White "Yermolinsky,A"]
[Black "Nakamura,H"]
[Result "1/2-1/2"]
[WhiteElo "2592"]
[BlackElo "2494"]

1.Nf3 Nf6 2.c4 g6 3.Nc3 d5 4.cxd5 Nxd5 5.e4 Nxc3 6.bxc3 Bg7 7.d4 c5 8.Be3 Qa5
9.Qd2 Nc6 10.Rb1 O-O 11.Rb5 cxd4 12.Rxa5 dxe3 13.Qxe3 Nxa5 14.h4 Be6 15.Ng5 Bxa2
16.h5 h6 17.Nf3 g5 18.Nxg5 Nc4 19.Bxc4 Bxc4 20.e5 a5 21.Nf3 a4 22.Nd2 a3
23.Nxc4 a2 24.O-O a1=Q 25.Rxa1 Rxa1+ 26.Kh2 Ra4 27.Qc5 Rb8 28.Qc7 Rf8 29.g3 b5
30.Ne3 Re4 31.Nf5 Rxe5 32.Nxg7 Rg5 33.f4 Rxg7 34.Qxe7 Rc8 35.Qe5 Rc4 36.Qe8+ Kh7
37.Qe3 Kg8 38.Qe5 Kh7 39.Qf5+ Kg8 40.Qe5 Kh7 41.Qf5+  1/2-1/2

[Event "Imre Konig Mem"]
[Site "San Francisco USA"]
[Date "2002.09.14"]
[Round "8"]
[White "Nakamura,H"]
[Black "De Firmian,N"]
[Result "1-0"]
[WhiteElo "2494"]
[BlackElo "2551"]

1.d4 Nf6 2.c4 e6 3.Nc3 c5 4.d5 exd5 5.cxd5 d6 6.e4 g6 7.f4 Bg7 8.e5 Nfd7
9.Ne4 dxe5 10.Nd6+ Ke7 11.Nxc8+ Qxc8 12.Nf3 Re8 13.fxe5 Kf8 14.e6 fxe6 15.dxe6 Rxe6+
16.Be2 Qe8 17.O-O Rxe2 18.Nd4+ Kg8 19.Nxe2 Nc6 20.Bd2 Nb6 21.Bc3 Rd8 22.Qe1 Ne5
23.Qh4 Nd5 24.Rad1 Rd7 25.Bxe5 Qxe5 26.Nc3 Nf6 27.Rxd7 Nxd7 28.Qd8+ Nf8 29.Nd5 Qd4+
30.Kh1 h5 31.Nf6+ Kh8 32.Nd7 Qc4 33.Rxf8+ Kh7 34.h4 Bxf8 35.Nxf8+ Kg8 36.Nd7+ Kh7
37.Qe7+  1-0

[Event "Los Inmortales IV"]
[Site "Santo Domingo DOM"]
[Date "2002.12.01"]
[Round "5"]
[White "Nakamura,H"]
[Black "Volkov,S"]
[Result "0-1"]
[WhiteElo "2504"]
[BlackElo "2642"]

1.d4 d5 2.c4 c6 3.Nc3 Nf6 4.Nf3 a6 5.Bg5 Ne4 6.Bf4 Nxc3 7.bxc3 dxc4 8.e4 b5
9.Ne5 Qa5 10.Bd2 Nd7 11.Nxc6 Qc7 12.d5 Nc5 13.Qf3 e5 14.Nb4 Bd6 15.Nc2 f5
16.exf5 O-O 17.g4 e4 18.Qh3 Bb7 19.Ne3 Bf4 20.Be2 Bxd5 21.O-O Bb7 22.Rfd1 Nd3
23.Nc2 Bxd2 24.Rxd2 Qa5 25.Nb4 Qa3 26.Qe3 Qxc3 27.Rb1 a5 28.Nc2 b4 29.Nd4 Rfd8
30.Ne6 Rd7 31.f3 exf3 32.Bxf3 Bxf3 33.Qxf3 Rc8 34.Qe3 a4 35.Kf1 Re8 36.Rbd1 b3
37.axb3 axb3 38.Qb6 Rde7 39.Kg2 b2 40.h4 h6 41.Qb5 Rxe6 42.fxe6 Rxe6 43.Qf5 Re8
44.Qd5+ Kh8 45.Qc6 Nf4+ 46.Kh1 Qh3+ 47.Rh2 Qe3 48.Rxb2 Rf8 49.g5 Nd3 50.gxh6 Qh3+
51.Kg1 Qe3+ 52.Kh1 Nxb2 53.hxg7+ Kxg7 54.Qb7+ Kh8 55.Qxb2+ c3 56.Qg2 Rg8
57.Qf1 Qe4+ 58.Kh2 Qe5+ 59.Kh1 c2 60.Rc1 Qe4+ 61.Kh2 Qe5+ 62.Kh1 Qd5+ 63.Kh2 Qd6+
64.Kh1 Qc6+ 65.Kh2 Qc7+ 66.Kh1 Qb7+ 67.Kh2 Qb8+ 68.Kh1 Qa8+ 69.Kh2 Qb8+ 70.Kh1 Qb7+
71.Kh2 Qc7+ 72.Kh1 Qc6+ 73.Kh2 Qd6+ 74.Kh1 Qd5+ 75.Kh2 Qe5+ 76.Kh1 Qe4+ 77.Kh2 Rg4
78.Qf8+ Kh7 79.Qf7+ Kh8 80.Qf8+ Kh7 81.Qf7+ Rg7 82.Qf2 Rc7 83.h5 Qd5 84.Qe2 Qd6+
85.Kh1 Qd5+ 86.Kh2 Qf5 87.Qg2 Qf4+ 88.Qg3 Qd2+ 89.Qg2 Qxc1 90.Qg6+ Kh8 91.Qe8+ Kg7
92.Qg6+ Kf8 93.Qf6+ Ke8 94.Qe6+ Kd8 95.Qd5+ Rd7 96.Qa5+ Ke8 97.Qe5+ Kf7 98.Qf5+ Kg8
99.Qe6+ Rf7 100.Qg6+ Kh8 101.Qxf7 Qd2+ 102.Kh3 Qd3+ 103.Kg4 Qd1+ 104.Kh3 Qh1+
105.Kg3 Qg1+ 106.Kh3 Qg8 107.Qf6+ Qg7 108.Qd8+ Kh7 109.Qd3+ Kg8 110.Qd8+ Qf8
111.Qd5+ Qf7 112.Qd8+ Kg7 113.Qg5+  0-1

[Event "Los Inmortales IV"]
[Site "Santo Domingo DOM"]
[Date "2002.12.04"]
[Round "8"]
[White "Oratovsky,M"]
[Black "Nakamura,H"]
[Result "0-1"]
[WhiteElo "2567"]
[BlackElo "2504"]

1.Nf3 Nf6 2.c4 c6 3.d4 d5 4.e3 a6 5.Bd3 dxc4 6.Bxc4 e6 7.O-O c5 8.dxc5 Bxc5
9.Qxd8+ Kxd8 10.b3 Ke7 11.Bb2 Nbd7 12.Nbd2 b6 13.a3 Bb7 14.Be2 Rac8 15.b4 Bd6
16.Nc4 Bc7 17.a4 Rhd8 18.b5 a5 19.Ba3+ Ke8 20.Rac1 Ne4 21.Nd4 Ne5 22.Nxe5 Bxe5
23.Nc6 Nc3 24.Bc4 Bxc6 25.bxc6 Rd2 26.f4 Bf6 27.Rfe1 Kd8 28.Bb5 Kc7 29.e4 Bd4+
30.Kh1 Bf2 31.Rf1 Nxe4 32.Rc4 Rd4 33.Rc2 Be3 34.Bb2 Rd5 35.Bxg7 Ng3+  0-1

[Event "Los Inmortales IV"]
[Site "Santo Domingo DOM"]
[Date "2002.12.05"]
[Round "9"]
[White "Nakamura,H"]
[Black "Tkachiev,V"]
[Result "1-0"]
[WhiteElo "2504"]
[BlackElo "2632"]

1.d4 Nf6 2.c4 e6 3.Nc3 Bb4 4.Qc2 d5 5.cxd5 Qxd5 6.Nf3 Qf5 7.Qb3 Nc6 8.e3 O-O
9.Be2 e5 10.d5 Bxc3+ 11.bxc3 Na5 12.Qa4 b6 13.c4 Bd7 14.Qd1 c6 15.Bb2 Rfe8
16.h3 cxd5 17.cxd5 Rad8 18.O-O e4 19.Ne5 Rxe5 20.g4 Qg5 21.h4 Qg6 22.Bxe5 Bxg4
23.Bg3 Nc4 24.Bxg4 Nxg4 25.Qe2 Nce5 26.Kg2 h5 27.Rad1 Rd6 28.Rg1 Kh7 29.Kf1 Qf5
30.Bf4 Rg6 31.Bxe5 Qxe5 32.Rg3 f5 33.Kg2 Qe7 34.Qd2 f4 35.exf4 e3 36.Qe2 Nxf2
37.Qxh5+ Rh6 38.Qf5+ g6 39.Qe6 Qg7 40.Rf1 Qb2 41.Qe7+ Kg8 42.Rxe3 Ne4+ 43.Kh3 Qb5
44.Rc1 Rh8 45.Qe6+  1-0

[Event "ch-USA"]
[Site "Seattle USA"]
[Date "2003.01.17"]
[Round "8"]
[White "Gulko,B"]
[Black "Nakamura,H"]
[Result "1-0"]
[WhiteElo "2584"]
[BlackElo "2520"]

1.c4 Nf6 2.Nc3 c6 3.e4 e5 4.Nf3 Qa5 5.d3 d5 6.cxd5 cxd5 7.Nxe5 Bd6 8.Bf4 O-O
9.Nc4 dxc4 10.Bxd6 Re8 11.f3 cxd3 12.Bxd3 Qb6 13.Bb5 Rd8 14.e5 a6 15.Be2 Ne8
16.Nd5 Qa5+ 17.b4 Qa3 18.Bxb8 Kh8 19.Bd6 Nxd6 20.exd6 Rxd6 21.Qd2 Be6 22.Qe3 Qa4
23.Nc3 Qa3 24.O-O Rc8 25.Nd5 Qxe3+ 26.Nxe3 Rd2 27.Rfe1 Bxa2 28.Bc4 Bxc4 29.Nxc4 Rd4
30.Nb6 Rcd8 31.Rab1 R4d6 32.Nc4 Rd4 33.Na5 R4d7 34.Re2 Kg8 35.Kf2 f6 36.b5 Kf7
37.bxa6 bxa6 38.Rb6 Ra8 39.Ra2 Rd5 40.Nc4 Rd7 41.Rbxa6 Rxa6 42.Rxa6 Ke7 43.g4 Kf7
44.Rb6 Ke7 45.h4  1-0

[Event "GMB"]
[Site "Bermuda BER"]
[Date "2003.01.25"]
[Round "1"]
[White "Nakamura,H"]
[Black "Seul,G"]
[Result "1-0"]
[WhiteElo "2520"]
[BlackElo "2437"]

1.e4 d6 2.d4 g6 3.Nc3 Bg7 4.Bg5 a6 5.Qd2 b5 6.f3 Bb7 7.h4 h5 8.O-O-O Nd7
9.Nge2 Ngf6 10.Qe3 b4 11.Nb1 c5 12.dxc5 Nxc5 13.Nd2 Qc7 14.Nf4 Rc8 15.Bc4 Nfd7
16.Nd3 Nb6 17.Nxc5 Nxc4 18.Nxc4 Qxc5 19.Qxc5 Rxc5 20.b3 Bh6 21.Bxh6 Rxh6
22.Rd4 Rh8 23.Ne3 a5 24.a3 bxa3 25.Kd2 f5 26.exf5 gxf5 27.Re1 Kd7 28.Ra4 Rg8
29.Re2 Rf8 30.Rxa3 f4 31.Nd1 e5 32.c4 Bc6 33.Nf2 a4 34.Nd3 Ra5 35.b4 Raa8
36.b5 Bb7 37.c5 Bd5 38.cxd6 e4 39.fxe4 Bb3 40.Nc5+ Kxd6 41.Nxb3 axb3 42.Rxb3 Kc5
43.Ke1 Rab8 44.Rc2+ Kd6 45.Kf2 Rg8 46.b6 Rb7 47.Rb5 Rbg7 48.Rd5+  1-0

[Event "GMB"]
[Site "Bermuda BER"]
[Date "2003.01.26"]
[Round "2"]
[White "Dinstuhl,V"]
[Black "Nakamura,H"]
[Result "1-0"]
[WhiteElo "2416"]
[BlackElo "2520"]

1.Nf3 Nf6 2.c4 c6 3.d4 d5 4.e3 a6 5.Bd3 Bg4 6.Qb3 Ra7 7.Ne5 Bh5 8.O-O e6
9.Nc3 Nbd7 10.cxd5 Nxe5 11.dxe5 Nd7 12.e4 Nc5 13.Qc2 cxd5 14.exd5 exd5 15.Ne2 Nxd3
16.Qxd3 Bg6 17.Qd4 b6 18.Nf4 Be4 19.e6 f6 20.Be3 Bc5 21.Qa4+ b5 22.Qb3 d4
23.Rac1 dxe3 24.Rxc5 exf2+ 25.Rxf2 Re7 26.Qe3 f5 27.Rd2 Qb8 28.Rd7 Rxd7 29.exd7+ Kxd7
30.Qd4+ Ke7 31.Qxg7+ Kd6 32.Qd4+ Ke7 33.Re5+ Kf7 34.Qd7+ Kf6 35.Qe7+  1-0

[Event "GMB"]
[Site "Bermuda BER"]
[Date "2003.01.28"]
[Round "4"]
[White "Schmaltz,R"]
[Black "Nakamura,H"]
[Result "1/2-1/2"]
[WhiteElo "2529"]
[BlackElo "2520"]

1.e4 c5 2.Nf3 d6 3.d4 cxd4 4.Nxd4 Nf6 5.Nc3 a6 6.f3 e5 7.Nb3 Be6 8.Be3 h5
9.Qd2 Nbd7 10.a4 Rc8 11.Be2 Be7 12.O-O Nb6 13.a5 Nc4 14.Bxc4 Bxc4 15.Rfd1 Rc6
16.Nc1 d5 17.exd5 Rd6 18.Nd3 Nxd5 19.Ne4 Re6 20.Ndc5 Rc6 21.Bf2 f5 22.Ra4 fxe4
23.Rxc4 e3 24.Qxd5 exf2+ 25.Kxf2 Rd6 26.Qe4 Rd2+ 27.Rxd2 Qxd2+ 28.Qe2 Qxa5
29.Qxe5 Qd2+ 30.Qe2 Qxe2+ 31.Kxe2 Rh6 32.Nd3 Bd6 33.f4 Kd7 34.Kf3 Rf6 35.Nc5+ Bxc5
36.Rxc5 g6 37.Ke4 Rb6 38.b3 Re6+ 39.Re5 Rc6 40.c4 Rb6 41.Rd5+ Ke7 42.Rd3 Re6+
43.Kf3 Rc6 44.g4 hxg4+ 45.Kxg4 Kf6 46.h4 a5 47.Rd5 a4 48.bxa4 Rxc4 49.a5 Rc7
50.Rb5 Rd7 51.h5 gxh5+ 52.Rxh5 Rg7+ 53.Rg5 Rc7 54.Rf5+ Ke6 55.Rb5 Rg7+ 56.Rg5 Rc7
57.Rg6+ Kf7 58.Rb6 Kg7 59.f5 Kf8 60.Rb5 Kg8 61.Kg5 Kg7 62.Rb6 Rd7 63.Rg6+ Kf8
64.Rf6+ Kg8 65.Re6 Kf7 66.Re5 Rd1 67.Rb5 Rd7 68.Kf4 Re7 69.Re5 Rc7 70.Ke4 Rc4+
71.Kd5 Rb4 72.Kc5 Rb1 73.Re4 Ra1 74.Kb5 Kf6 75.Ra4 Rd1 76.Rb4 Kxf5 77.Kb6 Rd7
78.Rc4 Ke5 79.Rc7 Rd1 80.Rc5+ Kd6 81.Rb5 Rh1 82.Kxb7 Rh7+ 83.Kb6 Rh8 84.Rg5 Rb8+
85.Ka7 Rb1 86.a6 Kd7 87.Rg7+ Kc8 88.Rb7 Rc1  1/2-1/2

[Event "GMB"]
[Site "Bermuda BER"]
[Date "2003.01.29"]
[Round "5"]
[White "Nakamura,H"]
[Black "Kallio,H"]
[Result "1-0"]
[WhiteElo "2520"]
[BlackElo "2474"]

1.d4 Nf6 2.c4 b6 3.Nf3 Bb7 4.g3 Bxf3 5.exf3 e6 6.Bg2 c6 7.O-O d5 8.Qe2 Be7
9.b3 O-O 10.Rd1 a5 11.Nc3 Na6 12.Be3 Nb4 13.Rac1 a4 14.a3 Na6 15.b4 dxc4
16.Qxc4 Nb8 17.b5 Bxa3 18.Ra1 cxb5 19.Qxb5 Ra5 20.Qb1 Be7 21.f4 a3 22.d5 Qc8
23.d6 Bd8 24.Nb5 Nd5 25.Bxd5 exd5 26.Rxa3 Rxa3 27.Nxa3 Qc6 28.Nb5 Nd7 29.Rc1 Qb7
30.Bd4 Nf6 31.Qf5 g6 32.Qc8 Qd7 33.Bxf6 Qxc8 34.Rxc8 Bxf6 35.d7 Rd8 36.Nd6 Kg7
37.Ne8+  1-0

[Event "GMB"]
[Site "Bermuda BER"]
[Date "2003.01.30"]
[Round "6"]
[White "Nakamura,H"]
[Black "Perelshteyn,E"]
[Result "1/2-1/2"]
[WhiteElo "2520"]
[BlackElo "2442"]

1.d4 Nf6 2.c4 g6 3.Nc3 Bg7 4.e4 d6 5.Nf3 O-O 6.Be2 Na6 7.O-O e5 8.Be3 Ng4
9.Bg5 Qe8 10.h3 h6 11.Bh4 exd4 12.Nxd4 Nf6 13.Bf3 Nh7 14.Re1 Ng5 15.Bxg5 hxg5
16.Qd2 c6 17.Rad1 Qe7 18.Bg4 Bxg4 19.hxg4 Be5 20.Nf3 Bf4 21.Qc2 Nc5 22.Ne2 Be5
23.b4 Ne6 24.c5 a5 25.a3 axb4 26.axb4 Qc7 27.Ned4 Nxd4 28.Nxd4 Rfd8 29.Nf3 Qe7
30.g3 Qe6 31.Kg2 Ra2 32.Qc1 Bf4 33.Nxg5 Bxc1 34.Nxe6 fxe6 35.Rxc1 Rf8 36.Rf1 d5
37.exd5 exd5 38.Rcd1 Rb2 39.Rd4 g5 40.Kg1 Rf3 41.Kg2 Rf7 42.Kg1 Rf3 43.Kg2 Rc3
44.Rdd1 Rcc2 45.Rde1 Rxb4 46.Re5 Rxg4 47.Rb1 Kf7 48.Rxb7+ Kf6 49.Rbe7 Re4
50.R7e6+ Kf7 51.Re7+ Kf6 52.R7e6+ Kf7 53.Rxe4 dxe4 54.Rxe4 Rxc5 55.Kf3 Rf5+
56.Ke3 Kf6 57.f4 gxf4+ 58.Rxf4  1/2-1/2

[Event "GMB"]
[Site "Bermuda BER"]
[Date "2003.02.03"]
[Round "9"]
[White "Blatny,P"]
[Black "Nakamura,H"]
[Result "1/2-1/2"]
[WhiteElo "2475"]
[BlackElo "2520"]

1.g3 Nf6 2.Bg2 d5 3.c4 c6 4.Qb3 e6 5.Nf3 Nbd7 6.d4 Bd6 7.Bf4 Bxf4 8.gxf4 O-O
9.Nbd2 b6 10.Ne5 Bb7 11.Rc1 c5 12.cxd5 Bxd5 13.Bxd5 Nxd5 14.Nxd7 Qxd7 15.dxc5 Nxf4
16.c6 Qc7 17.e3 Ng6 18.Nf3 Rfd8 19.Qc3 Rd5 20.b4 Rad8 21.Ke2 R8d6 22.a4 a6
23.Rhg1 e5 24.h4 Rf6 25.Qc4 Ne7 26.b5 axb5 27.axb5 e4 28.Qxe4 Rdf5 29.Qxe7 Qxe7
30.c7 Rxf3 31.c8=Q+ Qf8 32.Rg2 g6 33.h5 Qxc8 34.Rxc8+ Kg7 35.hxg6 hxg6 36.Rc2 R3f5
37.Rb2 Rc5 38.Rg4 Rff5 39.Rgb4 Rh5 40.Kd3 Rhd5+ 41.Ke2 Kf8 42.Kf3 Ke7 43.Ke2 Ke6
44.Re4+ Re5 45.Reb4 g5 46.Kf3 Kf5 47.e4+ Ke6 48.Kg4 Kf6 49.Rd2 Ke7 50.Rdb2 Ke6
51.f3 f5+ 52.exf5+ Rxf5 53.Rh2 Rxb5 54.Rh6+ Kf7 55.Rxb6  1/2-1/2

[Event "GMB"]
[Site "Bermuda BER"]
[Date "2003.02.04"]
[Round "10"]
[White "Nakamura,H"]
[Black "Paschall,W"]
[Result "1-0"]
[WhiteElo "2520"]
[BlackElo "2444"]

1.d4 e6 2.e4 d5 3.e5 c5 4.c3 Qb6 5.Nf3 Bd7 6.Be2 cxd4 7.cxd4 Bb5 8.Nc3 Bxe2
9.Nxe2 Ne7 10.O-O Nd7 11.Nf4 h5 12.Qd3 g6 13.Bd2 Nf5 14.Rfc1 Be7 15.Rc2 Rd8
16.Ne2 Nb8 17.Ng3 Qa6 18.Qb3 Nxg3 19.fxg3 Nc6 20.Rf1 Rd7 21.Be3 Qb6 22.Qd3 Nb4
23.Rc8+ Rd8 24.Rxd8+ Bxd8 25.Qd2 Nc6 26.h3 Rh7 27.b3 Qa5 28.Qf2 Qc3 29.Rd1 Rh8
30.Ne1 Be7 31.Rc1 Qa5 32.Nd3 Qb5 33.Ne1 Rf8 34.Nf3 Qd3 35.Bh6 Rh8 36.Bg5 Bxg5
37.Nxg5 Rf8 38.Kh2 Qf5 39.Qd2 Rh8 40.Kg1 f6 41.exf6 Qxf6 42.Nxe6 Kd7 43.Nc5+ Kc8
44.b4 b5 45.a4 Kd8 46.Kh2 Re8 47.axb5 Ne7 48.Ra1 Nf5 49.Qf4 Qb6 50.Ra6 Qxb5
51.Rxa7 Re7 52.Ra8+  1-0

[Event "Bermuda Open"]
[Site "Southampton BER"]
[Date "2003.02.08"]
[Round "2"]
[White "Beckwith,P"]
[Black "Nakamura,H"]
[Result "0-1"]
[WhiteElo "2183"]
[BlackElo "2520"]

1.e4 c5 2.Ne2 d6 3.c4 g6 4.d4 Bg7 5.Nbc3 Nf6 6.dxc5 dxc5 7.Qxd8+ Kxd8 8.Be3 Nbd7
9.O-O-O b6 10.f3 Ne8 11.g3 e6 12.Bh3 Ke7 13.Rhf1 Bb7 14.f4 Nd6 15.f5 Nxc4
16.fxe6 Nde5 17.Rd7+ Nxd7 18.Rxf7+ Kd6 19.Rxd7+ Kc6 20.Rxg7 Nxe3 21.Nd5 Ba6
22.Nec3 Nxd5 23.exd5+ Kd6 24.Rd7+ Ke5 25.Kd2 b5 26.Ke3 b4 27.Ne4 Bb5 28.Rc7 Bc4
29.Ng5 Rhf8 30.Rxc5 Rfc8 31.Nf7+ Kf6 32.Rxc8 Rxc8 33.Nd6 Rd8 34.Nxc4 Rxd5
35.Ke4 Rh5  0-1

[Event "Bermuda Open"]
[Site "Southampton BER"]
[Date "2003.02.08"]
[Round "3"]
[White "Nakamura,H"]
[Black "Al Modiahki,M"]
[Result "1/2-1/2"]
[WhiteElo "2520"]
[BlackElo "2571"]

1.d4 Nf6 2.c4 g6 3.Nc3 Bg7 4.e4 d6 5.Nf3 O-O 6.Be2 e5 7.O-O Nc6 8.d5 Ne7
9.b4 Nh5 10.Re1 f5 11.Ng5 Nf6 12.f3 Nh5 13.c5 Kh8 14.Bc4 Nf4 15.Ne6 Bxe6
16.dxe6 fxe4 17.fxe4 Nc6 18.Be3 Nd4 19.g3 Nfxe6 20.Bxe6 Nxe6 21.cxd6 cxd6
22.Nb5 a6 23.Nxd6 Nd4 24.Bxd4 exd4 25.Nxb7 Qb6 26.Nc5 d3 27.e5 Qxb4 28.Nxd3 Qd4+
29.Kh1 Qd5+ 30.Kg1 Qd4+ 31.Kh1 Qd5+ 32.Kg1 Rad8 33.Nf2 Qa5 34.Qg4 Bxe5 35.Rad1 Qc5
36.Rf1 Rxd1 37.Qxd1 Bd4 38.Qd2 Be3 39.Qe2 h5 40.h4 Kh7 41.Kg2 Qd5+ 42.Kh2 Bc5
43.Rd1 Rxf2+ 44.Qxf2 Qxd1 45.Qxc5 Qe2+ 46.Kg1 Qxa2 47.Qe7+ Kg8 48.Qe8+ Kg7
49.Qe5+ Kf7 50.Qf4+ Kg8 51.Qb8+  1/2-1/2

[Event "Bermuda Open"]
[Site "Southampton BER"]
[Date "2003.02.09"]
[Round "4"]
[White "Berg,E"]
[Black "Nakamura,H"]
[Result "1/2-1/2"]
[WhiteElo "2527"]
[BlackElo "2520"]

1.e4 c5 2.Nf3 d6 3.d4 cxd4 4.Nxd4 Nf6 5.Nc3 a6 6.Be3 b5 7.Nd5 Nxd5 8.exd5 g6
9.a4 b4 10.Qd2 Bb7 11.Bc4 Nd7 12.Qxb4 Rb8 13.Nc6 Bxc6 14.Qc3 Bxd5 15.Bxd5 Rg8
16.O-O Bg7 17.Bd4 Bxd4 18.Qxd4 Qb6 19.Qf4 e6 20.Rfe1 Ke7 21.Bb3 g5 22.Qg3 Rg6
23.Re3 h6 24.Rd1 Ne5 25.Re4 Qc5 26.Red4 Rd8 27.h3 f5 28.Qe3 Nc6 29.Rc4 Qxe3
30.fxe3 Kd7 31.a5 Ne5 32.Rb4 Kc7 33.Rb6 f4 34.Rxa6 fxe3 35.Re1 g4 36.h4 Nf3+
37.gxf3 gxf3+ 38.Kf1 e2+ 39.Rxe2 fxe2+ 40.Kxe2 Kb7 41.Rb6+ Ka7 42.Bc4 Rg4
43.Bd3 e5 44.b4 d5 45.Kd2 e4 46.Be2 Rg2 47.Re6 Rf8 48.b5 Rff2 49.b6+ Kb8
50.a6 Rxe2+ 51.Kd1 Rd2+ 52.Ke1 Rge2+ 53.Kf1 Rf2+ 54.Ke1 Rfe2+  1/2-1/2

[Event "US Amateur Team East"]
[Site "Parsippany NJ USA"]
[Date "2003.02.15"]
[Round "2"]
[White "Nakamura,H"]
[Black "Bonin,J"]
[Result "1-0"]
[WhiteElo "2520"]
[BlackElo "2370"]

1.d4 Nc6 2.Nf3 Nf6 3.c4 d6 4.Nc3 g6 5.e4 Bg4 6.d5 Ne5 7.Be2 Bxf3 8.gxf3 c6
9.Be3 Bg7 10.O-O O-O 11.Rc1 Qa5 12.a3 Rfc8 13.b4 Qd8 14.c5 cxd5 15.exd5 Qd7
16.f4 Neg4 17.c6 bxc6 18.dxc6 Qf5 19.Nd5 Qxd5 20.Bxg4 Qxd1 21.Bxd1 Nd5 22.Bd2 Bb2
23.Rc2 Bxa3 24.Bf3 a5 25.Bxd5 axb4 26.Be3 e6 27.Bb3 Ra6 28.c7 Kf8  1-0

[Event "US Amateur Team East"]
[Site "Parsippany NJ USA"]
[Date "2003.02.17"]
[Round "5"]
[White "Schneider,Ig"]
[Black "Nakamura,H"]
[Result "1/2-1/2"]
[WhiteElo "2237"]
[BlackElo "2520"]

1.e4 c5 2.Nf3 d6 3.Nc3 a6 4.d4 cxd4 5.Nxd4 Nf6 6.Bc4 b5 7.Bb3 Bb7 8.f3 e6
9.Be3 Nbd7 10.O-O Nc5 11.Qe1 Be7 12.Rd1 Nfd7 13.a4 bxa4 14.Nxa4 Qc7 15.Nxc5 Nxc5
16.Ba2 O-O 17.Ne2 Bf6 18.c3 a5 19.Bd4 Be5 20.Nc1 Rfd8 21.Rf2 Bxd4 22.Rxd4 Qb6
23.Rd1 Na4 24.Rd2 Bc6 25.Qd1 Rab8 26.Bb3 Nc5 27.Bc2 Bxe4 28.fxe4 Nxe4 29.Bb1 Nxf2
30.Rxf2 f5 31.Ba2 d5 32.Nd3 Qd6 33.Qe2 Rb6 34.Qe3 d4 35.cxd4 Qxd4 36.Bxe6+ Kh8
37.Qxd4 Rxd4 38.Rxf5 g6 39.Rd5 Rxd3 40.Rxd3 Rxe6 41.Rd5 Ra6 42.Rd7 Kg8 43.Rb7 h6
44.h4 Kf8 45.Kh2 a4 46.Kh3 Ke8 47.Kg4 Kd8 48.g3 Kc8 49.Rh7 a3 50.bxa3 h5+
51.Kg5 Rxa3 52.Kxg6 Rxg3+ 53.Kxh5 Kd8 54.Rf7 Ke8 55.Rf5 Rg8  1/2-1/2

[Event "X Anibal Open"]
[Site "Linares ESP"]
[Date "2003.03.02"]
[Round "3"]
[White "Nakamura,H"]
[Black "Collins,S"]
[Result "1-0"]
[WhiteElo "2520"]
[BlackElo "2331"]

1.d4 d5 2.c4 c6 3.Nf3 Nf6 4.Nc3 a6 5.a4 e6 6.Bg5 Nbd7 7.cxd5 exd5 8.e3 a5
9.Bd3 Be7 10.O-O O-O 11.Qc2 Re8 12.Ne5 Nf8 13.f4 N6d7 14.Bxe7 Qxe7 15.Kh1 f6
16.Nf3 Qb4 17.Rfe1 b6 18.e4 dxe4 19.Nxe4 Bb7 20.Qc4+ Kh8 21.Qxb4 axb4 22.Nd6 Rxe1+
23.Rxe1 Ba6 24.Be4  1-0

[Event "X Anibal Open"]
[Site "Linares ESP"]
[Date "2003.03.06"]
[Round "7"]
[White "Nakamura,H"]
[Black "Riazantsev,A"]
[Result "1/2-1/2"]
[WhiteElo "2520"]
[BlackElo "2538"]

1.d4 Nf6 2.c4 e6 3.Nf3 b6 4.a3 Bb7 5.Nc3 d5 6.cxd5 exd5 7.Bg5 Be7 8.e3 O-O
9.Bd3 Nbd7 10.O-O c5 11.Rc1 h6 12.Bf4 Ne4 13.Qc2 Nxc3  1/2-1/2

[Event "IV Dos Hermanas Internet Final"]
[Site "ICC INT"]
[Date "2003.03.21"]
[Round "1.2"]
[White "Jaracz,P"]
[Black "Nakamura,H"]
[Result "1/2-1/2"]
[WhiteElo "2546"]
[BlackElo "2520"]

1.e4 c5 2.d3 Nc6 3.g3 g6 4.f4 Bg7 5.c3 d5 6.Bg2 e6 7.Nf3 Nge7 8.O-O O-O 9.e5 b5
10.Be3 c4 11.d4 b4 12.Nbd2 Bd7 13.g4 Qa5 14.Qc1 Rfb8 15.Bf2 Nc8 16.Bh4 bxc3
17.bxc3 Nb6 18.Rb1 Na4 19.Rxb8+ Rxb8 20.Nb1 Nb2 21.Bf6 Nd3 22.Qe3 Qxa2 23.Nbd2 Bh6
24.Ng5 Rb2 25.Rd1 Qa5 26.Qh3 Qxc3 27.Ndf3 Rxg2+ 28.Qxg2 Nxd4 29.Rb1 Nxf4
30.Rb8+ Bf8 31.Nxh7 Nxf3+ 32.Qxf3 Qe1+ 33.Qf1 Qe3+ 34.Kh1 Qe4+ 35.Kg1 Qe3+
36.Kh1  1/2-1/2

[Event "Foxwoods Open"]
[Site "Connecticut USA"]
[Date "2003.04.19"]
[Round "5"]
[White "Smirin,I"]
[Black "Nakamura,H"]
[Result "1-0"]
[WhiteElo "2662"]
[BlackElo "2561"]

1.e4 c5 2.Nf3 e6 3.d4 cxd4 4.Nxd4 a6 5.Bd3 Nf6 6.O-O Qc7 7.Qe2 d6 8.c4 g6
9.Nc3 Bg7 10.Nf3 O-O 11.Rd1 Nbd7 12.Bf4 Ng4 13.Rac1 Nge5 14.Nxe5 Nxe5 15.Qd2 Rd8
16.Bg5 f6 17.Be3 Ng4 18.Bf4 e5 19.Nd5 Qf7 20.Bg3 Bh6 21.Qa5 Be6 22.Rc3 f5
23.exf5 gxf5 24.Be2 Bxd5 25.Qxd5 Nf6 26.Qxf7+ Kxf7 27.f3 Ke6 28.Rb3 b6 29.Bf2 Nd7
30.c5 d5 31.c6 Nf6 32.c7 Rdc8 33.Rxb6+ Kf7 34.Rc6 a5 35.Bh4  1-0

[Event "12th Chicago Open"]
[Site "Oak Brook USA"]
[Date "2003.05.26"]
[Round "6"]
[White "Nakamura,H"]
[Black "Geist,M"]
[Result "1-0"]
[WhiteElo "2561"]
[BlackElo "2283"]

1.e4 e6 2.d4 d5 3.Nc3 Bb4 4.e5 c5 5.a3 Bxc3+ 6.bxc3 Ne7 7.Qg4 Qc7 8.Bd3 g6
9.Bd2 Nbc6 10.Nf3 Bd7 11.O-O c4 12.Be2 h6 13.Rfb1 O-O-O 14.a4 Rdf8 15.h4 f5
16.exf6 e5 17.Qg3 Nf5 18.Qh2 g5 19.Nxe5 Nxh4 20.Nxd7 Qxd7 21.g3 Nf5 22.Qh3 Rh7
23.Bg4 Rxf6 24.Re1 h5 25.Re8+ Kc7 26.Bxf5 Qxf5 27.Qxf5 Rxf5 28.Rg8 g4 29.Bf4+ Kb6
30.Rc8 Rhf7 31.Kf1 Re7 32.Rh8 Ka6 33.Rh6 Ref7 34.Re6 R7f6 35.Ree1 Rf7 36.Ke2 h4
37.Rh1 hxg3 38.fxg3 Re7+ 39.Kd2 Rf6 40.Rh5 Rfe6 41.Rxd5 Re2+ 42.Kc1 Rg2 43.Kb2 Ree2
44.Rc1 Na5 45.Rb5 Nb3 46.Rxb3 cxb3 47.Kxb3 Kb6 48.c4 Kc6 49.Kc3 Rxg3+ 50.Bxg3 Re3+
51.Kb4 Rxg3 52.Rh1 Rh3 53.Rg1 g3 54.Rg2 Kd6 55.Kb5 Kc7 56.c5 Rh4 57.Kc4 Rg4
58.Kd5 b6 59.cxb6+ axb6 60.c3 Rg5+ 61.Ke4 Ra5 62.Rxg3 Rxa4  1-0